|
|
|
|
| LEADER |
01809nam a2200325 a 4500 |
| 001 |
0017781 |
| 003 |
BD-DhAAL |
| 008 |
090716s2008 enk 001 0 eng d |
| 010 |
|
|
|a 2008000192
|
| 020 |
|
|
|a 1403999066 (alk. paper)
|
| 040 |
|
|
|a DLC
|c DLC
|d DLC
|d BD-DhAAL
|
| 082 |
0 |
0 |
|a 821.3
|2 21
|
| 100 |
1 |
|
|a Selleck, Nancy Gail,
|d 1956-
|9 58278
|
| 245 |
1 |
4 |
|a The interpersonal idiom in Shakespeare, Donne and early modern culture /
|c Nancy Selleck.
|
| 260 |
|
|
|a Houndmills, Basingstoke, Hampshire ;
|a New York, N.Y. :
|b Palgrave Macmillan,
|c c2008.
|
| 300 |
|
|
|a p. cm.
|
| 500 |
|
|
|a Includes index.
|
| 505 |
0 |
|
|a Introduction: other selves -- Properties of a 'self': words and things, 1580-1690 -- Persons in play: Donne's body and the humoral actor -- Material others: Shakespeare's mirrors and other perspectives -- 'Womans constancy': the poetics of consummation -- Epilogue: subjects, objects, and contemporary theory.
|
| 526 |
|
|
|a ENH
|x Sohana Manzoor
Faculty Member of BRAC University
Course No. ENG 213
|
| 541 |
1 |
|
|e 00017781
|a Karim International
|
| 600 |
1 |
0 |
|a Donne, John,
|d 1572-1631
|x Criticism and interpretation.
|
| 600 |
1 |
0 |
|a Shakespeare, William,
|d 1564-1616
|x Criticism and interpretation.
|
| 650 |
|
0 |
|a English literature
|y Early modern, 1500-1700
|x History and criticism.
|
| 650 |
|
0 |
|a Identity (Psychology) in literature.
|9 4418
|
| 650 |
|
0 |
|a Self in literature.
|9 4498
|
| 650 |
|
0 |
|a Drama
|x Psychological aspects.
|
| 852 |
4 |
|
|a Ayesha Abed Library
|c General Stacks
|
| 942 |
|
|
|2 ddc
|c BK
|
| 999 |
|
|
|c 2599
|d 2599
|
| 952 |
|
|
|0 0
|1 0
|2 ddc
|4 0
|6 821_300000000000000_SEL
|7 0
|9 2367
|a BRACUL
|b BRACUL
|c GEN
|d 2009-07-21
|e Karim International
|g 4387.00
|l 4
|m 17
|o 821.3 SEL
|p 3010017781
|r 2014-02-18
|s 2014-01-30
|t 1
|w 2009-07-21
|y BK
|x Requisitioned by Sohana Manzoor (Faculty member of BRAC University) for the course no. ENG 213.
|